Školská výchova za takzvaného slovenského štátu (so zreteľom na všeobecnovzdelávaciu školu)

Bibliographic Details
Main Author: Mátej, Jozef, 1923-1987 (Author)
Format: Book
Language:Slovak
PhysicalDescription:204, [2] s. tabuľky 8°
Published: Bratislava Slovenské pedagogické nakladateľstvo 1958
Series:Knižnica pedagogických spisov
Subjects:

MARC

LEADER 00000nam a2200000 a 4500
001 vtls008325667
003 SK-MaSNL
005 20260301181830.0
008 230403s1958 xo 000 0 slo
015 |a SNBA1958/09-01302 
020 |q (viazané) 
035 |a SK01SNK19580017884 
035 |a urn:nbn:sk:snk-am3ia9e 
035 |a 7B040933-2F7B-4BB1-9F05-172545F3F980 
035 |a urn:nbn:sk:snk-am00e073 
035 |a SKM000020347 
040 |a SNK  |b slo  |c SNK  |e AACR2 
041 0 |a slo 
043 |a e-xo--- 
044 |a xo  |c SK 
080 |a 37(437.6)(091)  |2 2001 
100 1 |a Mátej, Jozef,  |d 1923-1987  |4 aut  |9 257907 
245 1 0 |a Školská výchova za takzvaného slovenského štátu (so zreteľom na všeobecnovzdelávaciu školu)  |c Jozef Mátej 
260 |a Bratislava  |b Slovenské pedagogické nakladateľstvo  |c 1958  |e Nitra  |f Západoslovenské tlačiarne 
300 |a 204, [2] s.  |b tabuľky  |c 8° 
366 |e 2200 kusov 
490 1 |a Knižnica pedagogických spisov  |v zv. 27 
504 |a Bibliografické odkazy 
650 0 7 |a dejiny školstva  |2 SNKPH  |9 71224 
651 7 |a Slovensko (1939-1945)  |2 SNKPHgeo  |9 172088 
655 7 |a štúdie  |2 SNKPH  |9 57033 
830 0 |a Knižnica pedagogických spisov  |9 307167 
852 |a Slovenská národná knižnica 
954 |a odborná, vedecká literatúra pôvodná (slovenská)  |2 lita 
958 |a OND 
958 |a RK 
958 |a TL 
958 |a NB 
958 |a EUIPO 
999 |c 851439  |d 853369 
952 |a SNK  |b SNK  |y PREZ  |7 0  |p 17A0826990  |o snkSC 12108  |i snkKSP 3111/58  |0 0  |1 0  |4 0  |d 2012-08-23  |f 1  |l 0  |r 2025-07-11 00:00:00  |w 2026-02-24 
952 |t P60, <04>, [BOOK], {604}  |a SNK  |b SNK  |y VYP  |7 0  |p 17A0126265  |o snkSC 12108 D1  |0 0  |1 0  |4 0  |d 1998-03-03  |l 0  |r 2005-01-02 00:00:00  |w 2026-02-24